| 000 | 00383nam a22001577a 4500 | ||
|---|---|---|---|
| 020 | _a9780007299607 | ||
| 082 |
_a823 _bAGA/C |
||
| 100 | _aAgatha Christie | ||
| 245 |
_aCurtain: _bpoirot's last case/ _cby Agatha Christie |
||
| 260 |
_aLondon: _bHarper, _c2002. |
||
| 300 | _a284p. | ||
| 650 | _aNovel English | ||
| 650 | _aLiterature English | ||
| 650 | _aLiterature | ||
| 942 | _cBK | ||
| 999 |
_c54783 _d54783 |
||